000 00678nam a22002177a 4500
003 UA-OsUOA
001 96079
007 ta
008 20130314b un ||||| |||| 00| 0 ukr d
090 _a821.161.1
_bК78
942 _cBK
040 _aUA-OsUOA
_brus
_cUA-OsUOA
_dUA-OsUOA
245 _aКрай ты мой, родимый край...
_bстихи русских поэтов ХІХ века
_cСост. В.И. Коровина
300 _a174 с.
955 _a3
041 _arus
080 _a821.161.1
260 _aМ.
_bДетская литература
_c1986
650 7 _a82 Література. Літературознавство
_2UDC
999 _c382325
_d382325